Developing Grading and Reporting Systems for Student Learning (Record no. 23851)

MARC details
000 -LEADER
fixed length control field 00554nam a22001937a 4500
003 - CONTROL NUMBER IDENTIFIER
control field OSt
005 - DATE AND TIME OF LATEST TRANSACTION
control field 20260610151405.0
008 - FIXED-LENGTH DATA ELEMENTS--GENERAL INFORMATION
fixed length control field 260610b |||||||| |||| 00| 0 eng d
020 ## - INTERNATIONAL STANDARD BOOK NUMBER
International Standard Book Number 803968531
040 ## - CATALOGING SOURCE
Transcribing agency Chuka University Library
050 ## - LIBRARY OF CONGRESS CALL NUMBER
Classification number LB 3060.37 .G8 2000
100 ## - MAIN ENTRY--PERSONAL NAME
Personal name Guskey Thomas R.
9 (RLIN) 19920
245 ## - TITLE STATEMENT
Title Developing Grading and Reporting Systems for Student Learning
260 ## - PUBLICATION, DISTRIBUTION, ETC.
Place of publication, distribution, etc. California
Name of publisher, distributor, etc. Corwin Press
Date of publication, distribution, etc. 2000
300 ## - PHYSICAL DESCRIPTION
Extent 222p
650 ## - SUBJECT ADDED ENTRY--TOPICAL TERM
Topical term or geographic name entry element Grading and Marking
9 (RLIN) 28322
650 ## - SUBJECT ADDED ENTRY--TOPICAL TERM
Topical term or geographic name entry element School Reports
9 (RLIN) 28323
942 ## - ADDED ENTRY ELEMENTS (KOHA)
Source of classification or shelving scheme Library of Congress Classification
Koha item type Long Loan Books
Suppress in OPAC No
Holdings
Withdrawn status Lost status Source of classification or shelving scheme Damaged status Not for loan Collection Home library Current library Shelving location Date acquired Source of acquisition Cost, normal purchase price Total Checkouts Full call number Barcode Date last seen Price effective from Koha item type
    Library of Congress Classification     General Collection Books Main Campus Library Main Campus Library General Stacks 10/06/2026 Donations from books for Africa 11861.00   LB 3060.37 .G8 2000 33836/2026 10/06/2026 10/06/2026 Long Loan Books

Powered by Koha